Science Quiz

Random Science or Astronomy Quiz

Mega-Sorting Gallery: Science Quiz Stats

 Plays Quiz not verified by Sporcle

Score 0/100 Timer 10:00
2 Plays Today
% Correct
Heart
95.2%
Liver
95.1%
Lung
94.8%
Acid
94.4%
Kidney
94.2%
Sedimentary
93%
Pancreas
91.2%
Igneous
90.7%
Elephant
90.4%
Cirrocumulus
90.3%
Mars
90%
Cumulonimbus
90%
Earth
89.9%
Jupiter
89.8%
Cirrostratus
89.7%
Mercury
89.7%
Uranus
89.6%
Cumulus
89.5%
Neptune
89.4%
Venus
89.4%
Saturn
89.4%
Intestine
89.4%
Kangaroo
89.3%
Hamster
89.2%
Leopard
89%
Antelope
88.8%
Coyote
88.7%
Metamorphic
88.2%
Altocumulus
88.2%
Stratocumulus
88%
Bat
88%
Orangutan
87.4%
Altostratus
87.1%
Nimbostratus
86.5%
% Correct
Java
86.2%
Second
86.2%
Base
86.1%
Hydrogen
85.6%
Potassium
85.5%
Lithium
85.5%
Platypus
85.4%
Class
85.3%
Family
85%
Sodium
84.5%
Order
84.3%
Genus
84.2%
Species
83.7%
C#
83.6%
Rubidium
82.4%
Kingdom
82.3%
Caesium
82.2%
SQL
82.1%
Cirrus
82%
Gravitational
81.2%
Stratus
80.9%
Francium
80.3%
Threonine
80.2%
Leucine
79.2%
Electromagnetic
78.9%
Domain
78.5%
Circle
78%
Lysine
77.7%
Isoleucine
77.1%
Histidine
76.9%
Dmitri Mendeleev
76.8%
Ernest Rutherford
76.5%
Phenylalanine
75.3%
Phylum
75.1%
% Correct
Methionine
75.1%
Nicolas Copernicus
74.5%
Ellipse
74.1%
Alfred Nobel
73.4%
PHP
73.4%
Up
71.5%
Parabola
71%
Phobos
70.9%
James Chadwick
70.7%
Strong
70.6%
Deimos
70.4%
Down
70.1%
Hyperbola
69.8%
Weak
69.8%
Top
69.5%
Malleus
69.2%
Bottom
68.4%
Valine
67.3%
J.J. Thomson
66.8%
Incus
66.4%
Python
65.4%
Robert Millikan
63.9%
Glenn T. Seaborg
63.1%
Wolfgang Pauli
62.5%
Louis de Broglie
62%
Trytophan
61.1%
Charm
60.7%
Stapes
60.4%
Peter Higgs
60.4%
Max Planck
59.4%
Strange
59%
Uracil
48.2%

You're not logged in!

Compare scores with friends on all Sporcle quizzes.
OR
Log In

You Might Also Like...

Show Comments

Extras

Top Quizzes Today


Score Distribution

Your Account Isn't Verified!

In order to create a playlist on Sporcle, you need to verify the email address you used during registration. Go to your Sporcle Settings to finish the process.

Report this User

Report this user for behavior that violates our Community Guidelines.

Details: